[Event "Saturday Afternoon Rapid Engine Fini To"]
[Site "?"]
[Date "2014.10.18"]
[Round "5"]
[White "ocirema"]
[Black "DON007"]
[Result "1/2-1/2"]
[WhiteElo "2530"]
[BlackElo "2571"]
[PlyCount "83"]
[EventDate "2014.??.??"]
[SourceTitle "OM Portal C 201906"]
[Source "Opening Master"]
[SourceDate "2019.06.27"]
[SourceVersion "1"]
[SourceVersionDate "2019.06.27"]
[SourceQuality "1"]

1. e4 e5 2. Nf3 Nc6 3. c3 d5 4. Qa4 f6 5. d3 Be6 6. Be2 a6 7. O-O Nge7 8. Nbd2
g5 9. Nb3 b6 10. Be3 Bd7 11. Nbd2 Nd4 12. Qd1 Nxe2+ 13. Qxe2 Bg7 14. a4 dxe4
15. dxe4 a5 16. b3 O-O 17. Rfd1 Ng6 18. Nf1 Qe7 19. Ng3 Rfd8 20. c4 Qe8 21. Qc2
Bf8 22. c5 Nf4 23. h4 h6 24. Nf5 bxc5 25. Bxc5 Bxf5 26. exf5 Qh5 27. Rxd8 Rxd8
28. Be3 Bd6 29. Bxf4 gxf4 30. Nd2 Kh8 31. f3 Qxh4 32. Ne4 Rg8 33. Qc4 Be7 34.
Rf1 Bb4 35. Qc6 Bd2 36. Nxd2 Rxg2+ 37. Kxg2 Qg3+ 38. Kh1 Qh3+ 39. Kg1 Qg3+ 40.
Kh1 Qh3+ 41. Kg1 Qg3+ 42. Kh1 1/2-1/2

[Event "Saturday Afternoon Rapid Engine Fini To"]
[Site "?"]
[Date "2014.10.18"]
[Round "3"]
[White "ocirema"]
[Black "DracoDaatson"]
[Result "1/2-1/2"]
[WhiteElo "2509"]
[BlackElo "2534"]
[PlyCount "153"]
[EventDate "2014.??.??"]
[SourceTitle "OM Portal C 201906"]
[Source "Opening Master"]
[SourceDate "2019.06.27"]
[SourceVersion "1"]
[SourceVersionDate "2019.06.27"]
[SourceQuality "1"]

1. e4 e5 2. Nf3 Nc6 3. c3 Nf6 4. d4 Nxe4 5. Bd3 d5 6. Nxe5 Nxe5 7. dxe5 Bc5 8.
O-O Bf5 9. Qf3 Qc8 10. h3 Qe6 11. Be3 Bxe3 12. Qxe3 O-O 13. Re1 c6 14. Nd2 Nxd2
15. Qxd2 Bxd3 16. Qxd3 f6 17. exf6 Qxf6 18. Re2 Rae8 19. Qd2 Rxe2 20. Qxe2 g6
21. Re1 Rf7 22. f3 Kg7 23. Kf2 c5 24. a4 d4 25. Qe5 dxc3 26. Qxc3 Rd7 27. Re8
Qxc3 28. bxc3 Kf7 29. Rc8 b6 30. Ke3 Ke6 31. Ke4 Kd6 32. Re8 a6 33. f4 Ra7 34.
c4 b5 35. Rd8+ Kc7 36. Rf8 Kb6 37. Rb8+ Kc7 38. Rh8 Kb6 39. axb5 axb5 40. Rb8+
Rb7 41. Rxb7+ Kxb7 42. cxb5 Kb6 43. g4 Kxb5 44. Kd5 c4 45. Kd4 Kb4 46. f5 gxf5
47. gxf5 c3 48. f6 c2 49. f7 c1=Q 50. f8=Q+ Kb5 51. Qf5+ Kb6 52. Qe6+ Qc6 53.
Qg4 Qa4+ 54. Ke5 Qa1+ 55. Kf5 Qc3 56. Qh5 Qc1 57. h4 Qc2+ 58. Kf4 Qc1+ 59. Kg4
Qd1+ 60. Kg5 Qc1+ 61. Kf6 Qc3+ 62. Kf7 Qc7+ 63. Ke6 Qc4+ 64. Kf5 Qc2+ 65. Kf4
Qc1+ 66. Ke4 Qc5 67. Qxc5+ Kxc5 68. Ke5 Kc6 69. h5 Kd7 70. Kf6 Ke8 71. h6 Kd7
72. Kf7 Kd6 73. Kf6 Kd7 74. Kf7 Kd6 75. Kg8 Ke7 76. Kg7 Ke6 77. Kxh7 1/2-1/2

[Event "SLO-chT2 West"]
[Site "Ljubljana"]
[Date "2014.10.18"]
[Round "2.1"]
[White "Biti, Ozren"]
[Black "Plenca, Julian"]
[Result "0-1"]
[WhiteElo "2354"]
[BlackElo "2369"]
[PlyCount "120"]
[EventDate "2014.10.17"]
[EventType "team-tourn"]
[EventRounds "9"]
[EventCountry "SLO"]
[SourceTitle "OM OTB B 201907"]
[Source "Opening Master"]
[SourceDate "2019.07.06"]
[SourceVersion "2"]
[SourceVersionDate "2019.07.06"]
[SourceQuality "1"]
[WhiteTeam "Posocje"]
[BlackTeam "Stari Trg ob Kolpi"]
[WhiteTeamCountry "SLO"]
[BlackTeamCountry "SLO"]

1. e4 e5 2. Nf3 Nc6 3. c3 Nf6 4. d3 d5 5. Nbd2 h6 6. Be2 a5 7. O-O a4 8. Re1
Bd6 9. exd5 Nxd5 10. d4 O-O 11. dxe5 Nxe5 12. Ne4 Nxf3+ 13. Bxf3 Be7 14. Ng3
Be6 15. Bg4 Kh8 16. Bxe6 fxe6 17. Qg4 Bc5 18. Rf1 a3 19. b4 Bb6 20. Bd2 c5 21.
Rad1 cxb4 22. c4 Nf6 23. Qxe6 Re8 24. Qf7 Re7 25. Qg6 Qe8 26. Qxe8+ Rexe8 27.
Bxb4 Ra4 28. Rb1 Bd4 29. Rb3 Ng4 30. Nf5 Bb2 31. h3 Ne5 32. Nd6 Re6 33. Nxb7
Rb6 34. Bd6 Rxb3 35. axb3 Ra7 36. Bxa3 Rxa3 37. Nc5 Nc6 38. Rb1 Ra2 39. Nd3 Bd4
40. b4 Rd2 41. Rb3 Rc2 42. c5 Ne5 43. Nxe5 Bxe5 44. g3 Bd4 45. Rf3 Kg8 46. Rf4
Bf6 47. Kg2 Kf7 48. Re4 Rc3 49. Kf1 Kg6 50. Ke2 Kf5 51. Rf4+ Ke6 52. Rf3 Kd5
53. Rxc3 Bxc3 54. Kf3 Bxb4 55. Kg4 Bxc5 56. Kf5 Bxf2 57. Kg6 Bd4 58. g4 Ke4 59.
g5 hxg5 60. Kxg5 Be3+ 0-1

[Event "Trym's 5+0/19 Thursday 16. Oct"]
[Site "playchess #643168Machines A"]
[Date "2014.10.16"]
[Round "13"]
[White "Vimtiroba, SF 011014IPx 64 SSE"]
[Black "Trym, SF ME 151014."]
[Result "1/2-1/2"]
[WhiteElo "2517"]
[BlackElo "2565"]
[PlyCount "61"]
[EventDate "2014.10.16"]
[EventType "blitz"]
[SourceTitle "OM Portal C 201906"]
[Source "Opening Master"]
[SourceDate "2019.06.27"]
[SourceVersion "1"]
[SourceVersionDate "2019.06.27"]
[SourceQuality "1"]

1. e4 e5 2. Nf3 Nc6 3. c3 Nf6 4. d4 Nxe4 5. d5 Nb8 6. Bd3 Nc5 7. Nxe5 Nxd3+ 8.
Nxd3 Be7 9. O-O d6 10. c4 O-O 11. Bd2 Bf5 12. Qf3 Bg6 13. Nf4 Nd7 14. Nxg6 fxg6
15. Qh3 Nc5 16. b4 Nd7 17. Na3 Bf6 18. Rae1 a6 19. Re4 g5 20. Nc2 b5 21. Na3
Rb8 22. Nc2 Ra8 23. Ne3 Ne5 24. c5 Qc8 25. Qe6+ Qxe6 26. dxe6 Nc4 27. Rd1 Nb2
28. Rb1 Nc4 29. Rd1 Nb2 30. Rb1 Nc4 31. Rd1 1/2-1/2

[Event "Muensterland op 32d"]
[Site "Senden"]
[Date "2014.10.15"]
[Round "6"]
[White "Webb, Laurence"]
[Black "Paehtz, Thomas Sr"]
[Result "1/2-1/2"]
[WhiteElo "2241"]
[BlackElo "2362"]
[PlyCount "60"]
[EventDate "2014.10.??"]
[EventType "swiss"]
[EventRounds "9"]
[EventCountry "GER"]
[SourceTitle "OM OTB B 201907"]
[Source "Opening Master"]
[SourceDate "2019.07.06"]
[SourceVersion "2"]
[SourceVersionDate "2019.07.06"]
[SourceQuality "1"]

1. e4 e5 2. Nf3 Nc6 3. c3 d5 4. Qa4 f6 5. Bb5 Nge7 6. exd5 Qxd5 7. d4 e4 8. Ng1
a6 9. Bf1 Bd7 10. Qb3 Qxb3 11. axb3 Nf5 12. Be3 Nce7 13. Na3 Nd5 14. Nc2 Bd6
15. Ne2 O-O-O 16. c4 Ndxe3 17. fxe3 Nh4 18. c5 Be7 19. Nc3 f5 20. b4 c6 21. d5
cxd5 22. Nxd5 Bg5 23. O-O-O Bc6 24. Nf4 Rxd1+ 25. Kxd1 Ba4 26. g3 Nf3 27. Bc4
Rd8+ 28. Kc1 Bxc2 29. Kxc2 g6 30. Rd1 Rxd1 1/2-1/2

[Event "Wch U20 53rd"]
[Site "Pune"]
[Date "2014.10.14"]
[Round "8"]
[White "Lu, Shanglei"]
[Black "Bok, Benjamin"]
[Result "1-0"]
[WhiteElo "2533"]
[BlackElo "2591"]
[PlyCount "57"]
[EventDate "2014.10.06"]
[EventType "swiss"]
[EventRounds "13"]
[EventCountry "IND"]
[SourceTitle "EXT 2015"]
[Source "ChessBase"]
[SourceDate "2014.11.20"]
[SourceVersion "1"]
[SourceVersionDate "2014.11.20"]
[SourceQuality "1"]

1. e4 e5 2. Nf3 Nc6 3. c3 Nf6 4. d4 exd4 5. e5 Nd5 6. cxd4 d6 7. Bb5 Be7 8. Nc3
Nxc3 9. bxc3 O-O 10. O-O Bg4 11. h3 Bh5 12. Re1 a6 13. Bd3 dxe5 14. dxe5 Kh8
15. Bf4 Qd7 16. Be4 Rad8 17. Qxd7 Rxd7 18. Rab1 Na5 19. g4 Bg6 20. Bxg6 fxg6
21. e6 Rd3 22. Ne5 Rxc3 23. Bd2 Ra3 24. Bxa5 Rxa5 25. Rxb7 Bd6 26. Nc4 Rxa2 27.
Nxd6 cxd6 28. e7 Re8 29. Rb8 1-0

[Event "Las Vegas Millionaire op"]
[Site "Las Vegas"]
[Date "2014.10.13"]
[Round "8"]
[White "Kadric, Denis"]
[Black "Ramirez, Alejandro"]
[Result "1/2-1/2"]
[WhiteElo "2473"]
[BlackElo "2574"]
[PlyCount "60"]
[EventDate "2014.10.09"]
[EventType "swiss"]
[EventRounds "9"]
[EventCountry "USA"]
[SourceTitle "CBM 162 Extra"]
[Source "ChessBase"]
[SourceDate "2014.10.17"]
[SourceVersion "1"]
[SourceVersionDate "2014.10.17"]
[SourceQuality "1"]

1. e4 e5 2. Nf3 Nc6 3. c3 d5 4. d3 Nf6 5. Nbd2 a5 6. Be2 g6 7. b3 d4 8. cxd4
exd4 9. O-O Bg7 10. Ba3 Nb4 11. Nc4 c5 12. e5 Nfd5 13. Nd6+ Kf8 14. Qc1 Nc3 15.
Re1 Be6 16. Bxb4 axb4 17. Ng5 Bxe5 18. Nxe6+ fxe6 19. Nc4 Bf6 20. Qh6+ Bg7 21.
Qf4+ Qf6 22. Qd6+ Qe7 23. Bg4 Ra6 24. Qf4+ Bf6 25. Qh6+ Bg7 26. Qf4+ Bf6 27.
Qh6+ Bg7 28. Qf4+ Bf6 29. Qh6+ Bg7 30. Qf4+ Bf6 1/2-1/2

[Event "SLO-chT1 West"]
[Site "Ljubljana"]
[Date "2014.10.12"]
[Round "6"]
[White "Belamaric, Goran"]
[Black "Osolin, Bojan"]
[Result "1/2-1/2"]
[WhiteElo "2232"]
[BlackElo "2150"]
[PlyCount "42"]
[EventDate "2014.10.03"]
[EventType "team-tourn"]
[EventRounds "9"]
[EventCountry "SLO"]
[SourceTitle "OM OTB B 201907"]
[Source "Opening Master"]
[SourceDate "2019.07.06"]
[SourceVersion "2"]
[SourceVersionDate "2019.07.06"]
[SourceQuality "1"]
[WhiteTeam "Piran"]
[BlackTeam "Domzale"]
[WhiteTeamCountry "SLO"]
[BlackTeamCountry "SLO"]

1. e4 e5 2. Nf3 Nc6 3. c3 Nf6 4. d4 exd4 5. e5 Ne4 6. Qe2 d5 7. exd6 f5 8. Nbd2
Bxd6 9. Nxe4 fxe4 10. Qxe4+ Qe7 11. Qxe7+ Bxe7 12. Nxd4 Nxd4 13. cxd4 Be6 14.
Be2 O-O-O 15. O-O Bf6 16. Bf4 Bxd4 17. Rfe1 Rd7 18. Rab1 Kb8 19. Rbd1 Rf8 20.
Bg3 Rfd8 21. b3 Bb6 1/2-1/2

[Event "RN-2014-0-00855"]
[Site "Lechenicher SchachServer"]
[Date "2014.10.12"]
[Round "?"]
[White "Salinas, Evin"]
[Black "Bortnicker, Justin"]
[Result "0-1"]
[WhiteElo "661"]
[BlackElo "801"]
[PlyCount "44"]
[EventDate "2014.10.02"]

1. e4 e5 2. Nf3 Nc6 3. c3 Nf6 4. Bc4 Bc5 5. d4 exd4 6. cxd4 Bb6 7. Nc3 Ba5 8.
O-O O-O 9. d5 Ne7 10. Qc2 Bxc3 11. Qxc3 Nxe4 12. Qe5 Nf6 13. Ng5 d6 14. Qg3
Nexd5 15. Qd3 Nb6 16. Bb3 h6 17. Nh3 Bxh3 18. Qxh3 Qd7 19. Qg3 Kh8 20. Qh4 Qg4
21. Qxg4 Nxg4 22. h3 Ne5 0-1

[Event "Las Vegas Millionaire op"]
[Site "Las Vegas"]
[Date "2014.10.11"]
[Round "6"]
[White "Harris, Ian"]
[Black "Viswanadha, Kesav"]
[Result "0-1"]
[WhiteElo "2122"]
[BlackElo "2424"]
[PlyCount "94"]
[EventDate "2014.10.09"]
[EventType "swiss"]
[EventRounds "9"]
[EventCountry "USA"]
[SourceTitle "CBM 162 Extra"]
[Source "ChessBase"]
[SourceDate "2014.10.17"]
[SourceVersion "1"]
[SourceVersionDate "2014.10.17"]
[SourceQuality "1"]

1. e4 e5 2. Nf3 Nc6 3. c3 d5 4. Qa4 Bd7 5. exd5 Nd4 6. Qd1 Nxf3+ 7. Qxf3 Nf6 8.
d3 Bg4 9. Qg3 Qxd5 10. Bg5 Bf5 11. Nd2 O-O-O 12. c4 Qd4 13. Be3 Qd6 14. O-O-O
Kb8 15. Nb3 Bg6 16. Be2 Nh5 17. Qf3 Qa6 18. Kb1 Nf6 19. Qg3 e4 20. d4 Bd6 21.
Qg5 h6 22. Qa5 Qxa5 23. Nxa5 c6 24. Kc2 Bc7 25. b4 Nh5 26. Kc3 f5 27. g3 Rhf8
28. c5 Nf6 29. Bc4 Bh5 30. Rb1 g5 31. h4 f4 32. hxg5 hxg5 33. gxf4 gxf4 34. Bc1
Bf3 35. Rh4 Ng4 36. Rh7 Nxf2 37. Nxb7 Nd1+ 38. Kc2 e3 39. Nxd8 Rxd8 40. b5 Be4+
41. Bd3 Bxh7 42. bxc6+ Ka8 43. Bxh7 e2 44. Bd2 f3 45. Bd3 Rb8 46. Rb7 Ne3+ 47.
Kc3 Ba5+ 0-1

[Event "Manresa op 31st"]
[Site "Manresa"]
[Date "2014.10.11"]
[Round "4"]
[White "Sanchez Rodriguez, Manuel"]
[Black "Gabarro Servitja, Pau"]
[Result "0-1"]
[WhiteElo "1706"]
[BlackElo "1700"]
[PlyCount "42"]
[EventDate "2014.09.20"]
[EventType "swiss"]
[EventRounds "8"]
[EventCountry "ESP"]
[SourceTitle "EXT 2016"]
[Source "ChessBase"]
[SourceDate "2015.10.10"]
[SourceVersion "1"]
[SourceVersionDate "2015.10.10"]
[SourceQuality "1"]

1. e4 e5 2. Nf3 Nc6 3. c3 Bc5 4. Be2 d6 5. O-O Nf6 6. Qc2 O-O 7. a4 a5 8. Na3
Bd7 9. d3 h6 10. b3 Re8 11. Bb2 Nh7 12. Nc4 Qf6 13. Ba3 Bxa3 14. Nxa3 Ng5 15.
Nxg5 Qxg5 16. Bf3 Re6 17. Nb5 Rc8 18. d4 Rf6 19. Qe2 Ne7 20. d5 Ng6 21. c4 Nh4
0-1

[Event "Barcelona Catalunya op 26th"]
[Site "Barcelona"]
[Date "2014.10.11"]
[Round "3"]
[White "Vazquez Gamero, Miguel"]
[Black "Reyes Jimenez, Alex"]
[Result "1-0"]
[WhiteElo "2223"]
[BlackElo "2069"]
[PlyCount "43"]
[EventDate "2014.09.27"]
[EventType "swiss"]
[EventRounds "9"]
[EventCountry "ESP"]
[SourceTitle "OM OTB B 201907"]
[Source "Opening Master"]
[SourceDate "2019.07.06"]
[SourceVersion "2"]
[SourceVersionDate "2019.07.06"]
[SourceQuality "1"]

1. e4 e5 2. Nf3 Nc6 3. c3 Nf6 4. d4 exd4 5. e5 Ng8 6. cxd4 d5 7. Bb5 Bd7 8. Nc3
Nb4 9. O-O Bxb5 10. Nxb5 c6 11. Bg5 Be7 12. Nd6+ Kf8 13. Nxb7 Qc7 14. Bxe7+
Nxe7 15. Nc5 a5 16. Ng5 Kg8 17. e6 fxe6 18. a3 Na6 19. Nxa6 Rxa6 20. Qe2 Qc8
21. Nxe6 Ra7 22. Rfe1 1-0

[Event "Budapest FS10 FM-A"]
[Site "Budapest"]
[Date "2014.10.06"]
[Round "3"]
[White "Toth Katona, Tamas"]
[Black "Furedi, Erik"]
[Result "1-0"]
[WhiteElo "2038"]
[BlackElo "2124"]
[PlyCount "119"]
[EventDate "2014.10.04"]
[EventType "tourn"]
[EventRounds "9"]
[EventCountry "HUN"]
[SourceTitle "CBM 162 Extra"]
[Source "ChessBase"]
[SourceDate "2014.10.17"]
[SourceVersion "1"]
[SourceVersionDate "2014.10.17"]
[SourceQuality "1"]

1. e4 e5 2. Nf3 Nc6 3. c3 Nf6 4. d4 Nxe4 5. d5 Nb8 6. Be3 Bc5 7. Bxc5 Nxc5 8.
b4 Ne4 9. Bd3 Nf6 10. Nxe5 O-O 11. O-O a5 12. b5 d6 13. Nf3 Nbd7 14. h3 Nc5 15.
Bc2 Bd7 16. a4 Nh5 17. Qd4 f5 18. Nbd2 Qe8 19. Rae1 Qg6 20. Re7 Qh6 21. Qh4 Rf6
22. Rfe1 Nf4 23. Qxh6 Rxh6 24. c4 Rg6 25. g3 Nxh3+ 26. Kg2 Nf4+ 27. Kf1 Nh5 28.
Nb3 Nxb3 29. Rxd7 Nc5 30. Rxc7 Rf6 31. Nd4 g6 32. Ne6 Rf7 33. b6 Rxc7 34. bxc7
Na6 35. Nd8 Nxc7 36. Nxb7 Ne8 37. Nxa5 Nhf6 38. Nc6 Nd7 39. a5 Nc5 40. Rb1 Kf7
41. Re1 Nf6 42. Re7+ Kf8 43. Rc7 Nfd7 44. Ba4 Nxa4 45. Rxd7 Nb2 46. Rxh7 Kg8
47. Ra7 Rxa7 48. Nxa7 Nxc4 49. a6 Nb6 50. Nb5 Kf8 51. a7 Na8 52. Nxd6 Ke7 53.
Nb5 Kd7 54. Ke2 Nb6 55. Kd3 Kc8 56. Kd4 Kb7 57. d6 Nd7 58. Kd5 Nb6+ 59. Ke6 Kc8
60. Nc7 1-0

[Event "Wch U20 53rd"]
[Site "Pune"]
[Date "2014.10.06"]
[Round "1"]
[White "Aradhya, Garg"]
[Black "Deac, Bogdan Daniel"]
[Result "0-1"]
[WhiteElo "2068"]
[BlackElo "2402"]
[PlyCount "125"]
[EventDate "2014.10.06"]
[EventType "swiss"]
[EventRounds "13"]
[EventCountry "IND"]
[SourceTitle "EXT 2015"]
[Source "ChessBase"]
[SourceDate "2014.11.20"]
[SourceVersion "1"]
[SourceVersionDate "2014.11.20"]
[SourceQuality "1"]

1. e4 e5 2. Nf3 Nc6 3. c3 Nf6 4. d4 exd4 5. e5 Nd5 6. cxd4 Bb4+ 7. Nbd2 O-O 8.
Bc4 Nb6 9. Bd3 d5 10. O-O Bg4 11. Nb3 f6 12. e6 Bxe6 13. Qc2 f5 14. Bg5 Qd7 15.
Bb5 Nc4 16. a3 Bd6 17. Nc5 Bxc5 18. dxc5 h6 19. b3 hxg5 20. bxc4 Qd8 21. cxd5
Qxd5 22. Rad1 Qb3 23. Qxb3 Bxb3 24. Rd3 Bf7 25. Nxg5 Rad8 26. Rb1 a6 27. Nxf7
Kxf7 28. Bc4+ Kf6 29. Rc3 Rfe8 30. g4 fxg4 31. h3 Re4 32. Bf1 Nd4 33. Rxb7 Nf3+
34. Kg2 Nh4+ 35. Kg3 Nf5+ 36. Kg2 Rd1 37. Bd3 Ree1 38. hxg4 Nh4+ 39. Kg3 g5 40.
f4 Re3+ 41. Kf2 Rexd3 42. Rxd3 Rxd3 43. fxg5+ Kxg5 44. Rxc7 Kxg4 45. Ra7 Rxa3
46. c6 Nf5 47. c7 Ra2+ 48. Ke1 Rc2 49. Rxa6 Rxc7 50. Kd2 Rd7+ 51. Kc3 Ne3 52.
Ra8 Nd5+ 53. Kc2 Kf4 54. Re8 Ne7 55. Kc3 Ke3 56. Kc4 Rc7+ 57. Kb5 Kd4 58. Rh8
Rb7+ 59. Ka6 Rb3 60. Rh4+ Kc5 61. Rh5+ Nd5 62. Ka7 Rb2 63. Ka6 0-1

[Event "CRO-chT1B"]
[Site "Bol"]
[Date "2014.10.05"]
[Round "2.3"]
[White "Grgurevic, Benjamin"]
[Black "Anic, Darko"]
[Result "0-1"]
[WhiteElo "2220"]
[BlackElo "2403"]
[PlyCount "104"]
[EventDate "2014.10.04"]
[EventType "team-tourn"]
[EventRounds "9"]
[EventCountry "CRO"]
[SourceTitle "CBM 162 Extra"]
[Source "ChessBase"]
[SourceDate "2014.10.17"]
[SourceVersion "1"]
[SourceVersionDate "2014.10.17"]
[SourceQuality "1"]
[WhiteTeam "Sibenik"]
[BlackTeam "Zadar"]
[WhiteTeamCountry "CRO"]
[BlackTeamCountry "CRO"]

1. e4 e5 2. Nf3 Nc6 3. c3 d6 4. Bb5 Bd7 5. d4 Nf6 6. d5 Ne7 7. Bd3 Ng6 8. g3
Be7 9. c4 h6 10. Nc3 Bh3 11. Bf1 Qd7 12. Qd3 c6 13. Bxh3 Qxh3 14. Qf1 Qxf1+ 15.
Kxf1 Bd8 16. Kg2 Ba5 17. Re1 cxd5 18. cxd5 Bxc3 19. bxc3 Rc8 20. Rb1 b6 21. Rb3
Kd7 22. Ra3 Rc7 23. Bd2 Kc8 24. Ng1 Kb7 25. f3 Rc4 26. Ne2 Nd7 27. Nc1 Nc5 28.
Nb3 Na4 29. Rb1 Ka8 30. Nc1 Rhc8 31. Nd3 Ne7 32. Kf1 f5 33. Rb4 Rxb4 34. cxb4
b5 35. Ke1 fxe4 36. fxe4 Ng8 37. Ke2 Nf6 38. Nf2 Rc4 39. Re3 Kb7 40. a3 Kc8 41.
Kf3 Rc2 42. Rd3 Kd7 43. Nd1 Rc4 44. Nf2 Nb2 45. Rb3 Rc2 46. Be3 a6 47. h3 Nc4
48. g4 Ra2 49. Bc1 Ke8 50. h4 Nd7 51. h5 Nf6 52. Rc3 Rxf2+ 0-1

[Event "Hong Kong op"]
[Site "Hong Kong"]
[Date "2014.10.04"]
[Round "7"]
[White "O, Yu"]
[Black "Lai, Sai Wing"]
[Result "0-1"]
[WhiteElo "1325"]
[BlackElo "1807"]
[PlyCount "36"]
[EventDate "2014.10.01"]
[EventType "swiss"]
[EventRounds "9"]
[EventCountry "HKG"]
[SourceTitle "CBM 162 Extra"]
[Source "ChessBase"]
[SourceDate "2014.10.17"]
[SourceVersion "1"]
[SourceVersionDate "2014.10.17"]
[SourceQuality "1"]

1. e4 e5 2. Nf3 Nc6 3. c3 d5 4. Qa4 Bd7 5. exd5 Nd4 6. Qd1 Nxf3+ 7. Qxf3 Nf6 8.
Bc4 e4 9. Qe3 Bd6 10. d3 O-O 11. dxe4 Nxe4 12. O-O Qh4 13. g3 Nxg3 14. fxg3
Qxc4 15. Qf3 Bh3 16. Nd2 Qc5+ 17. Rf2 Rae8 18. Nf1 Re1 0-1

[Event "Cto Provincial Individual Preferente. X"]
[Site "?"]
[Date "2014.10.04"]
[Round "?"]
[White "Aledo Yanguas, Javier"]
[Black "Senabre Pascual, Eduardo"]
[Result "1-0"]
[WhiteElo "1761"]
[BlackElo "1574"]
[PlyCount "100"]
[EventDate "2014.??.??"]
[SourceTitle "OM OTB B 201907"]
[Source "Opening Master"]
[SourceDate "2019.07.06"]
[SourceVersion "2"]
[SourceVersionDate "2019.07.06"]
[SourceQuality "1"]

1. e4 e5 2. Nf3 Nc6 3. c3 d6 4. d4 Bg4 5. d5 Nce7 6. h3 Bd7 7. Qb3 b6 8. Bg5 h6
9. Bh4 g5 10. Bg3 f5 11. Be2 Nf6 12. exf5 Nxf5 13. O-O Nxg3 14. fxg3 Bg7 15.
Qc2 O-O 16. c4 Nh5 17. Kh2 g4 18. Nfd2 Rxf1 19. Nxf1 Qg5 20. Nbd2 gxh3 21. Nf3
Qf6 22. gxh3 Bf5 23. Qd2 Be4 24. Qe3 Bg6 25. N1d2 Rf8 26. Rf1 Qe7 27. Nh4 Rxf1
28. Nxg6 Qf7 29. Nxf1 Qxg6 30. Bd3 Qf7 31. Nd2 e4 32. Nxe4 Bxb2 33. Qxh6 Be5
34. Qe3 Nf4 35. Nf2 Nxd3 36. Nxd3 Qf5 37. Nxe5 Qc2+ 38. Kg1 Qb1+ 39. Kf2 Qxa2+
40. Kf3 dxe5 41. Qg5+ Kf7 42. Qf5+ Kg8 43. Qc8+ Kh7 44. Qxc7+ Kg8 45. Qd8+ Kf7
46. Qd7+ Kf6 47. Qe6+ Kg7 48. Qxe5+ Kf7 49. Qe6+ Kf8 50. Qd6+ Ke8 1-0

[Event "Hong Kong op"]
[Site "Hong Kong"]
[Date "2014.10.02"]
[Round "3"]
[White "O, Yu"]
[Black "Benham, Hamdolah"]
[Result "0-1"]
[WhiteElo "1325"]
[BlackElo "1975"]
[PlyCount "90"]
[EventDate "2014.10.01"]
[EventType "swiss"]
[EventRounds "9"]
[EventCountry "HKG"]
[SourceTitle "CBM 162 Extra"]
[Source "ChessBase"]
[SourceDate "2014.10.17"]
[SourceVersion "1"]
[SourceVersionDate "2014.10.17"]
[SourceQuality "1"]

1. e4 e5 2. Nf3 Nc6 3. c3 Nf6 4. d4 d6 5. Bg5 Be7 6. d5 Nb8 7. Nbd2 Nbd7 8. Bb5
a6 9. Ba4 b5 10. Bc2 O-O 11. O-O h6 12. Bxf6 Nxf6 13. h3 Bd7 14. c4 c5 15. b3
b4 16. a3 a5 17. a4 Nh7 18. Qb1 Ng5 19. Re1 Qc8 20. Nxg5 Bxg5 21. Nf1 Qd8 22.
Ng3 Qf6 23. Qd1 g6 24. Qd3 Rae8 25. Bd1 h5 26. Qf3 Qg7 27. Bc2 h4 28. Nf1 f5
29. exf5 Bxf5 30. Qd1 Qf6 31. Re2 Rf7 32. Ra2 Ref8 33. Ne3 Bxe3 34. Rxe3 Qg5
35. Bxf5 gxf5 36. Ree2 e4 37. Qf1 Rg7 38. f4 Qg3 39. Rab2 Qxh3 40. g3 Qxf1+ 41.
Kxf1 hxg3 42. Rg2 Rf6 43. Ke2 Rh6 44. Ke3 Rh1 45. Ke2 Rc1 0-1

[Event "ISL-chT 1415"]
[Site "Reykjavik"]
[Date "2014.10.02"]
[Round "1.1"]
[White "Danielsen, Henrik"]
[Black "Glud, Jakob Vang"]
[Result "1-0"]
[WhiteElo "2490"]
[BlackElo "2544"]
[PlyCount "85"]
[EventDate "2014.10.02"]
[EventType "team-tourn"]
[EventRounds "9"]
[EventCountry "ISL"]
[SourceTitle "EXT 2015"]
[Source "ChessBase"]
[SourceDate "2014.11.20"]
[SourceVersion "1"]
[SourceVersionDate "2014.11.20"]
[SourceQuality "1"]
[WhiteTeam "Vestmannaeyja"]
[BlackTeam "Reykjavikur"]
[WhiteTeamCountry "ISL"]
[BlackTeamCountry "ISL"]

1. e4 e5 2. Nf3 Nc6 3. c3 Nf6 4. d3 d6 5. g3 g6 6. Bg2 Bg7 7. O-O O-O 8. b4 a5
9. b5 Ne7 10. a4 Nd7 11. d4 exd4 12. cxd4 Nb6 13. Nc3 h6 14. Re1 Kh7 15. h4 c5
16. bxc6 bxc6 17. Rb1 Ba6 18. e5 Ned5 19. Nxd5 Nxd5 20. Bd2 Bc8 21. Rc1 Bd7 22.
h5 g5 23. exd6 f6 24. Qc2+ Kh8 25. Qc5 Re8 26. Nh2 Bf8 27. Bf3 Rxe1+ 28. Rxe1
Qb8 29. Ng4 Bxd6 30. Qc2 Qf8 31. Qg6 Be8 32. Rxe8 Rxe8 33. Nxh6 Re7 34. Nf5 Rd7
35. Bxd5 cxd5 36. Bxa5 Ba3 37. Bb6 Qf7 38. a5 Qxg6 39. hxg6 Bd6 40. a6 Bb8 41.
Bc5 Ba7 42. Bf8 Kg8 43. g7 1-0

[Event "FICS rated standard game"]
[Site "FICS freechess.org"]
[Date "2014.09.29"]
[Round "?"]
[White "GriffySr"]
[Black "jquarry"]
[Result "0-1"]
[WhiteElo "2100"]
[BlackElo "2004"]
[PlyCount "72"]
[EventDate "2014.??.??"]
[SourceTitle "OM Portal C 201906"]
[Source "Opening Master"]
[SourceDate "2019.06.27"]
[SourceVersion "1"]
[SourceVersionDate "2019.06.27"]
[SourceQuality "1"]

1. e4 e5 2. Nf3 Nc6 3. c3 Bc5 4. b4 Bd6 5. b5 Nce7 6. d4 exd4 7. e5 Bc5 8. cxd4
Bb4+ 9. Bd2 Bxd2+ 10. Nbxd2 d5 11. Rc1 Ng6 12. Qc2 N8e7 13. Qxc7 O-O 14. Qxd8
Rxd8 15. a4 Bg4 16. h3 Bf5 17. g4 Be6 18. Rc7 Rd7 19. Rc3 Rdd8 20. Rc5 Rac8 21.
Bd3 b6 22. Rxc8 Rxc8 23. Kd1 Rc3 24. Bc2 Nf4 25. Ng5 Nd3 26. Bxd3 Rxd3 27. Ngf3
Ra3 28. Kc2 Rxa4 29. Rc1 Rb4 30. Ra1 Nc8 31. Rb1 Rxb1 32. Nxb1 h5 33. Ng5 hxg4
34. Nxe6 gxh3 35. Nc3 h2 36. Nf4 h1=Q 0-1

[Event "RN-2014-0-00850"]
[Site "Lechenicher SchachServer"]
[Date "2014.09.28"]
[Round "?"]
[White "Ventura, Bob"]
[Black "Arriola, Roger"]
[Result "0-1"]
[WhiteElo "686"]
[BlackElo "1007"]
[PlyCount "132"]
[EventDate "2014.09.19"]

1. e4 e5 2. Nf3 Nc6 3. c3 Nf6 4. d3 h6 5. h3 d5 6. Nbd2 Be7 7. Qb3 dxe4 8. dxe4
O-O 9. Bc4 a6 10. O-O Rb8 11. Bxa6 bxa6 12. Qc2 Bb7 13. Rd1 Bd6 14. Nc4 Qe7 15.
Be3 Rbd8 16. Rd2 Nb8 17. Nxd6 cxd6 18. Bb6 Rd7 19. Rad1 Bxe4 20. Qb3 d5 21. Nh4
g5 22. Nf3 Qe6 23. Nh2 Rd6 24. Bc5 Nc6 25. Bxd6 Qxd6 26. f3 Qc5+ 27. Kh1 Rb8
28. Qa3 Qxa3 29. bxa3 Bf5 30. Nf1 Be6 31. Ne3 d4 32. cxd4 exd4 33. Ng4 Nxg4 34.
hxg4 Kg7 35. Rc1 Rc8 36. Kh2 Kf6 37. Kg3 Kg6 38. f4 gxf4+ 39. Kxf4 a5 40. g3 a4
41. Rdc2 Ne7 42. Ke4 Rxc2 43. Rxc2 Bxg4 44. Kxd4 Be6 45. Rb2 Kg5 46. Ke3 h5 47.
Kf2 Nf5 48. Rb4 h4 49. gxh4+ Nxh4 50. Rxa4 Ng6 51. Ra5+ Kf4 52. Rc5 Bxa2 53. a4
Ke4 54. a5 Ne5 55. Ke2 Kd4 56. Rc7 Bd5 57. a6 Bc4+ 58. Rxc4+ Nxc4 59. a7 Nb6
60. Kf3 Ke5 61. Kg4 f5+ 62. Kf3 f4 63. Ke2 Ke4 64. Kf2 f3 65. Ke1 Ke3 66. Kf1
f2 0-1